[Event "Walsrode Chessemy op-A"]
[Site "Walsrode"]
[Date "2023.03.12"]
[Round "9"]
[White "Buchal, Stephan"]
[Black "Steffens, Oliver"]
[Result "1/2-1/2"]
[WhiteElo "2210"]
[BlackElo "1928"]
[PlyCount "46"]
[EventDate "2023.03.04"]
[EventType "swiss"]
[EventRounds "9"]
[EventCountry "GER"]
[SourceTitle "CBM 213 Extra"]
[Source "ChessBase"]
[SourceDate "2023.05.31"]
[SourceVersion "1"]
[SourceVersionDate "2023.05.31"]
[SourceQuality "1"]

1. c4 e6 2. g3 d5 3. Bg2 Nf6 4. Nf3 Be7 5. 0-0 0-0 6. b3 b6 7. Bb2 Bb7 8. e3 c5 9. Nc3 Nbd7 10. Qe2 Rc8 11. Rad1 Qc7 12. Nh4 Rfe8 13. cxd5 Nxd5 14. Nf5 Bf6 15. Nxd5 Bxd5 16. Bxf6 Nxf6 17. Nh4 Qe5 18. d4 cxd4 19. Rxd4 Bxg2 20. Kxg2 Rc3 21. Rfd1 Qc7 22. Nf3 Rc8 23. Qa6 Kf8 1/2-1/2

[Event "Youth District Germany"]
[Site "Wuerzburg"]
[Date "2018.10.07"]
[Round "7.2"]
[White "Jakob, Georg"]
[Black "Steffens, Oliver"]
[Result "1-0"]
[WhiteElo "1959"]
[BlackElo "1960"]
[PlyCount "123"]
[EventDate "2018.10.02"]
[EventType "team-swiss"]
[EventRounds "7"]
[EventCountry "GER"]
[SourceTitle "CBM 186 Extra"]
[Source "ChessBase"]
[SourceDate "2018.08.24"]
[SourceVersion "1"]
[SourceVersionDate "2018.08.24"]
[SourceQuality "1"]
[WhiteTeam "Wuerttemberg U20 II"]
[BlackTeam "Niedersachsen/SG Bremen U20"]
[WhiteTeamCountry "GER"]
[BlackTeamCountry "GER"]

1. e4 c5 2. Nf3 Nf6 3. Nc3 d6 4. d4 cxd4 5. Nxd4 g6 6. Be3 Bg7 7. f3 0-0 8. Qd2 Qa5 9. Nb3 Qc7 10. g4 a6 11. g5 Nfd7 12. Nd5 Qd8 13. Bd4 Bxd4 14. Nxd4 Nc6 15. h4 Nde5 16. Be2 Be6 17. 0-0-0 Rc8 18. h5 Bxd5 19. exd5 Nxd4 20. Qxd4 Qc7 21. c3 Qc5 22. Qh4 Qe3+ 23. Rd2 Rc4 24. Bxc4 Nxf3 25. Qf2 Qxd2+ 26. Qxd2 Nxd2 27. Kxd2 Rc8 28. Bb3 Rc5 29. hxg6 hxg6 30. Re1 Kf8 31. Re4 b5 32. Ke3 Rc8 33. c4 b4 34. Kd4 Rc5 35. Re3 Ra5 36. Re1 Ke8 37. Rc1 e5+ 38. Ke4 Rc5 39. Rh1 Ke7 40. Rh8 a5 41. Ra8 f5+ 42. gxf6+ Kxf6 43. Ra6 Ke7 44. Rc6 Rxc6 45. dxc6 Kd8 46. Kd5 Kc7 47. Bd1 e4 48. Kxe4 Kxc6 49. Kd4 g5 50. Bf3+ Kd7 51. Kd5 Kc7 52. b3 Kd7 53. Bg4+ Kc7 54. Bf5 Kb6 55. Kxd6 a4 56. c5+ Kb5 57. c6 g4 58. Bxg4 a3 59. c7 Kb6 60. c8Q Ka7 61. Qc7+ Ka8 62. Bf3# 1-0

[Event "Youth District Germany"]
[Site "Wuerzburg"]
[Date "2018.10.03"]
[Round "1.2"]
[White "Steffens, Oliver"]
[Black "Kololli, Martin"]
[Result "0-1"]
[WhiteElo "1960"]
[BlackElo "2331"]
[PlyCount "80"]
[EventDate "2018.10.02"]
[EventType "team-swiss"]
[EventRounds "7"]
[EventCountry "GER"]
[SourceTitle "CBM 186 Extra"]
[Source "ChessBase"]
[SourceDate "2018.08.24"]
[SourceVersion "1"]
[SourceVersionDate "2018.08.24"]
[SourceQuality "1"]
[WhiteTeam "Niedersachsen/SG Bremen U20"]
[BlackTeam "Schleswig Holstein U20"]
[WhiteTeamCountry "GER"]
[BlackTeamCountry "GER"]

1. e4 e5 2. Nf3 Nc6 3. Bb5 a6 4. Bxc6 dxc6 5. 0-0 Ne7 6. Nxe5 Qd4 7. Qh5 g6 8. Nf3 Qxe4 9. Qa5 Bg4 10. Qc3 Rg8 11. Ng5 Qf5 12. d3 Nd5 13. Qc4 Be7 14. f3 Bxg5 15. fxg4 Be3+ 16. Bxe3 Qxf1+ 17. Kxf1 Nxe3+ 18. Kf2 Nxc4 19. dxc4 0-0-0 20. Na3 Rge8 21. Rf1 Rd2+ 22. Kg3 Re3+ 23. Kf4 Ree2 24. Kg5 Rf2 25. Re1 Rde2 26. Rd1 Rxg2 27. h3 f5 28. Rd4 c5 29. Rf4 Ref2 30. b3 Rxf4 31. Kxf4 fxg4 32. hxg4 h5 33. gxh5 gxh5 34. Kf3 Rg8 35. Nb1 h4 36. Nd2 h3 37. Nf1 Rg1 38. Kf2 Rg2+ 39. Kf3 Rxc2 40. Kg3 Rxa2 0-1

[Event "Youth District Germany"]
[Site "Wuerzburg"]
[Date "2018.10.03"]
[Round "2.2"]
[White "Zha, Kevin"]
[Black "Steffens, Oliver"]
[Result "0-1"]
[WhiteElo "1570"]
[BlackElo "1960"]
[PlyCount "68"]
[EventDate "2018.10.02"]
[EventType "team-swiss"]
[EventRounds "7"]
[EventCountry "GER"]
[SourceTitle "CBM 186 Extra"]
[Source "ChessBase"]
[SourceDate "2018.08.24"]
[SourceVersion "1"]
[SourceVersionDate "2018.08.24"]
[SourceQuality "1"]
[WhiteTeam "Saarland U20"]
[BlackTeam "Niedersachsen/SG Bremen U20"]
[WhiteTeamCountry "GER"]
[BlackTeamCountry "GER"]

1. e4 c5 2. Nf3 Nc6 3. d4 cxd4 4. Nxd4 Nf6 5. Nc3 e5 6. Ndb5 d6 7. Nd5 Nxd5 8. exd5 Nb8 9. c4 Be7 10. Bd3 0-0 11. 0-0 f5 12. Bd2 a6 13. Nc3 Nd7 14. Bc2 Bg5 15. f4 exf4 16. Bxf4 Qb6+ 17. Kh1 Bxf4 18. Rxf4 Qxb2 19. Na4 Qe5 20. Qf1 g5 21. Rxf5 Rxf5 22. Bxf5 Nf6 23. Bxc8 Rxc8 24. Re1 Ne4 25. Nb6 Re8 26. Rc1 Re7 27. g3 Rf7 28. Qe1 Qb2 29. Rb1 Qc2 30. Rc1 Nf2+ 31. Kg1 Nh3+ 32. Kh1 Qf5 33. Rc3 g4 34. a4 Qf1+ 0-1

[Event "GER-ch U25-A"]
[Site "Willingen"]
[Date "2018.05.25"]
[Round "8"]
[White "Buller, Ian Joshua"]
[Black "Steffens, Oliver"]
[Result "1/2-1/2"]
[WhiteElo "1874"]
[BlackElo "1931"]
[PlyCount "210"]
[EventDate "2018.05.19"]
[EventType "swiss"]
[EventRounds "9"]
[EventCountry "GER"]
[SourceTitle "CBM 184 Extra"]
[Source "ChessBase"]
[SourceDate "2018.06.28"]
[SourceVersion "1"]
[SourceVersionDate "2018.06.28"]
[SourceQuality "1"]

1. e4 c6 2. d4 d5 3. exd5 cxd5 4. Bd3 Nf6 5. h3 e6 6. Nf3 Bd6 7. 0-0 Nc6 8. c3 Bd7 9. Re1 Qc7 10. Qe2 Ne7 11. Ne5 Ng6 12. Nxg6 hxg6 13. Nd2 g5 14. Nf3 g4 15. hxg4 Bh2+ 16. Kf1 Nxg4 17. Nxh2 Nxh2+ 18. Kg1 Nf1 19. Qe5 Qxe5 20. dxe5 Nh2 21. f3 g5 22. Bxg5 Rg8 23. Kxh2 Rxg5 24. g4 Ke7 25. Kg3 Rag8 26. Re2 f5 27. exf6+ Kxf6 28. Rh1 e5 29. Rh6+ Ke7 30. c4 Bc6 31. cxd5 Bxd5 32. a3 R8g7 33. Rh7 Rxh7 34. Bxh7 Kf6 35. Be4 Bxe4 36. Rxe4 Rg7 37. f4 exf4+ 38. Kxf4 Rc7 39. g5+ Kf7 40. Kf5 Rc2 41. g6+ Kf8 42. g7+ Kxg7 43. Re7+ Kf8 44. Rxb7 a5 45. Ke4 Ke8 46. Kd3 Rc5 47. Kd4 Rc2 48. Rb5 Kd7 49. Kd3 Rh2 50. Kc3 Rh3+ 51. Kc2 Kc6 52. Rxa5 Kb6 53. Rg5 Ka6 54. Rd5 Kb6 55. Rd3 Rh4 56. b4 Kc6 57. Kb3 Rg4 58. a4 Rh4 59. b5+ Kc5 60. Rc3+ Kb6 61. Rc6+ Kb7 62. Rc4 Rh6 63. Kb4 Kb6 64. a5+ Kb7 65. b6 Ka6 66. Rc8 Rh4+ 67. Kc5 Rh5+ 68. Kc6 Rh6+ 69. Kc7 Rh7+ 70. Kb8 Kxa5 71. Rc7 Rh6 72. b7 Kb6 73. Ka8 Kxc7 74. b8Q+ Kd7 75. Qb7+ Ke8 76. Qe4+ Kf7 77. Kb7 Re6 78. Qf5+ Rf6 79. Qd5+ Re6 80. Kc7 Kf6 81. Qd4+ Kf5 82. Kd7 Re4 83. Qc3 Kf4 84. Kd6 Re3 85. Qc2 Rf3 86. Kd5 Ke3 87. Qe4+ Kf2 88. Kd4 Kg3 89. Qe1+ Kg4 90. Qe2 Kg3 91. Ke4 Rf2 92. Qe1 Kg2 93. Ke3 Rf3+ 94. Ke4 Rf1 95. Qe2+ Rf2 96. Qg4+ Kf1 97. Ke3 Rf8 98. Qe2+ Kg1 99. Qh5 Rg8 100. Qd1+ Kh2 101. Qd6+ Kg1 102. Kf3 Rg2 103. Qd1+ Kh2 104. Qf1 Rg3+ 105. Kf2 Rf3+ 1/2-1/2

[Event "GER-ch U25-A"]
[Site "Willingen"]
[Date "2018.05.23"]
[Round "6"]
[White "Stemmler, Fabian"]
[Black "Steffens, Oliver"]
[Result "1/2-1/2"]
[WhiteElo "1998"]
[BlackElo "1931"]
[PlyCount "44"]
[EventDate "2018.05.19"]
[EventType "swiss"]
[EventRounds "9"]
[EventCountry "GER"]
[SourceTitle "CBM 184 Extra"]
[Source "ChessBase"]
[SourceDate "2018.06.28"]
[SourceVersion "1"]
[SourceVersionDate "2018.06.28"]
[SourceQuality "1"]

1. d4 d5 2. Bf4 Nf6 3. e3 c5 4. c3 Nc6 5. Nd2 e6 6. Ngf3 cxd4 7. cxd4 Qb6 8. Rb1 Bd7 9. Be2 Na5 10. 0-0 Bb5 11. Ne5 Bxe2 12. Qxe2 Be7 13. Rfc1 0-0 14. Rc2 Rfc8 15. Rbc1 Qd8 16. Qd1 Ne8 17. Qh5 Nd6 18. b4 g6 19. Qd1 Nac4 20. Nexc4 Nxc4 21. Nxc4 dxc4 22. Rxc4 b5 1/2-1/2

[Event "GER-ch U25-A"]
[Site "Willingen"]
[Date "2018.05.20"]
[Round "2"]
[White "Isler, Benjamin"]
[Black "Steffens, Oliver"]
[Result "1-0"]
[WhiteElo "1814"]
[BlackElo "1931"]
[PlyCount "62"]
[EventDate "2018.05.19"]
[EventType "swiss"]
[EventRounds "9"]
[EventCountry "GER"]
[SourceTitle "CBM 184 Extra"]
[Source "ChessBase"]
[SourceDate "2018.06.28"]
[SourceVersion "1"]
[SourceVersionDate "2018.06.28"]
[SourceQuality "1"]

1. e4 e6 2. d4 d5 3. Nd2 dxe4 4. Nxe4 Nd7 5. Nf3 Ngf6 6. Nxf6+ Nxf6 7. Bd3 Be7 8. 0-0 0-0 9. b3 b6 10. Bb2 Bb7 11. c4 c5 12. dxc5 Bxc5 13. Qe2 Qe7 14. Ng5 h6 15. Bxf6 gxf6 16. Nh7 Rfd8 17. Qg4+ Kh8 18. Qh5 Rg8 19. g3 f5 20. Qxh6 Rg6 21. Qh5 Kg7 22. Rae1 Qd6 23. Ng5 Qc7 24. Qh7+ Kf6 25. Rxe6+ fxe6 26. Qxc7 Rg7 27. Nh7+ Kg6 28. Qe5 Kxh7 29. Qxe6 Z0 30. Bxf5+ Kh8 31. Qh6+ Kg8 1-0

[Event "Oberliga Nord W 1718"]
[Site "Germany"]
[Date "2018.04.15"]
[Round "9.7"]
[White "Steffens, Oliver"]
[Black "Markgraf, Stefan"]
[Result "1/2-1/2"]
[WhiteElo "2028"]
[BlackElo "2088"]
[PlyCount "45"]
[EventDate "2017.10.08"]
[EventType "team-tourn"]
[EventRounds "9"]
[EventCountry "GER"]
[SourceTitle "EXT 2019"]
[Source "ChessBase"]
[SourceDate "2018.10.10"]
[SourceVersion "1"]
[SourceVersionDate "2018.10.10"]
[SourceQuality "1"]
[WhiteTeam "Delmenhorst"]
[BlackTeam "Goettingen Tempo"]
[WhiteTeamCountry "GER"]
[BlackTeamCountry "GER"]

1. e4 e5 2. Nf3 Nc6 3. Bb5 a6 4. Bxc6 dxc6 5. 0-0 Bg4 6. h3 Bxf3 7. Qxf3 Nf6 8. d3 Bd6 9. Bg5 Be7 10. Nd2 Nd7 11. Be3 0-0 12. Nc4 Bg5 13. Qg3 Bxe3 14. Nxe3 Qf6 15. Rad1 Rae8 16. Nf5 Qg6 17. f4 Qxg3 18. Nxg3 c5 19. Nf5 Nb6 20. b3 g6 21. Nh6+ Kg7 22. Ng4 Nd7 23. f5 1/2-1/2

[Event "Bremen-ch op"]
[Site "Bremen"]
[Date "2018.03.30"]
[Round "8"]
[White "Steffens, Oliver"]
[Black "Stern, Philipp"]
[Result "1-0"]
[WhiteElo "1880"]
[BlackElo "1733"]
[PlyCount "99"]
[EventDate "2018.03.24"]
[EventType "swiss"]
[EventRounds "9"]
[EventCountry "GER"]
[SourceTitle "EXT 2019"]
[Source "ChessBase"]
[SourceDate "2018.10.10"]
[SourceVersion "1"]
[SourceVersionDate "2018.10.10"]
[SourceQuality "1"]

1. e4 c5 2. Nf3 g6 3. c4 Bg7 4. d4 cxd4 5. Nxd4 Nc6 6. Be3 d6 7. Nc3 Nf6 8. Be2 0-0 9. 0-0 Nxd4 10. Bxd4 Be6 11. Rc1 Qa5 12. b4 Qc7 13. Nd5 Bxd5 14. cxd5 Qd7 15. Qd3 Rfc8 16. h3 a6 17. f4 e6 18. Rcd1 exd5 19. Bxf6 Bxf6 20. Bg4 dxe4 21. Bxd7 exd3 22. Bxc8 Rxc8 23. Rxd3 Rc4 24. a3 Bb2 25. g3 d5 26. Rb1 Bc1 27. Rxd5 Bxa3 28. b5 a5 29. b6 a4 30. Rd7 Bc5+ 31. Kf1 a3 32. Rxb7 a2 33. Ra1 Rc2 34. Ra7 Rf2+ 35. Ke1 Bxb6 36. R7xa2 Rf3 37. Ra3 Rxa3 38. Rxa3 h5 39. Ra6 Bc5 40. Ke2 Kg7 41. Kf3 f6 42. Rc6 Bb4 43. Rb6 Bc5 44. Rb7+ Kh6 45. Ke4 g5 46. f5 Bd6 47. g4 h4 48. Kd5 Bc7 49. Ke6 Be5 50. Rf7 1-0

[Event "Bremen-ch op"]
[Site "Bremen"]
[Date "2018.03.26"]
[Round "4"]
[White "Steffens, Oliver"]
[Black "Hundack, Rolf"]
[Result "1-0"]
[WhiteElo "1880"]
[BlackElo "2085"]
[PlyCount "113"]
[EventDate "2018.03.24"]
[EventType "swiss"]
[EventRounds "9"]
[EventCountry "GER"]
[SourceTitle "EXT 2019"]
[Source "ChessBase"]
[SourceDate "2018.10.10"]
[SourceVersion "1"]
[SourceVersionDate "2018.10.10"]
[SourceQuality "1"]

1. e4 e5 2. Nf3 Nc6 3. Bb5 g6 4. d4 exd4 5. Bg5 Be7 6. Bxe7 Qxe7 7. Bxc6 dxc6 8. Qxd4 Nf6 9. Nc3 Bg4 10. Nd2 b6 11. 0-0 Rd8 12. Qe3 0-0 13. Rae1 Bc8 14. Rd1 Rfe8 15. h3 Ba6 16. Rfe1 Nd7 17. Nf3 Ne5 18. Nxe5 Qxe5 19. f4 Qe7 20. a3 Bb7 21. e5 c5 22. Ne4 Bxe4 23. Qxe4 Qe6 24. Rd3 c4 25. Rd4 c5 26. Rxc4 Rd2 27. Rc3 Red8 28. Re2 Rd1+ 29. Kf2 R8d4 30. Qe3 Qf5 31. Kg3 Rf1 32. Rf2 Rxf2 33. Qxf2 g5 34. Rf3 gxf4+ 35. Rxf4 Qxe5 36. Qf3 h5 37. c3 h4+ 38. Kg4 Rd6 39. Rf5 Rg6+ 40. Kxh4 Qe7+ 41. Kh5 Rg7 42. Rf6 Qe5+ 43. Qf5 Qxf5+ 44. Rxf5 Kf8 45. Rg5 Rh7+ 46. Kg4 Ke7 47. h4 Rh6 48. h5 Re6 49. Kf4 Rd6 50. g4 Kf8 51. Ke5 Ke7 52. Rg8 Rd2 53. h6 Rh2 54. g5 Rh5 55. Rg7 Rh2 56. h7 Rh5 57. Kd5 1-0

[Event "Niedersachsen-ch op B"]
[Site "Verden"]
[Date "2018.01.04"]
[Round "2"]
[White "Steffens, Oliver"]
[Black "Frese, Immo"]
[Result "1-0"]
[WhiteElo "1894"]
[BlackElo "1654"]
[PlyCount "97"]
[EventDate "2018.01.04"]
[EventType "swiss"]
[EventRounds "7"]
[EventCountry "GER"]
[SourceTitle "EXT 2022"]
[Source "ChessBase"]
[SourceDate "2021.10.06"]
[SourceVersion "1"]
[SourceVersionDate "2021.10.06"]
[SourceQuality "1"]

1. e4 d5 2. exd5 Qxd5 3. Nc3 Qa5 4. d4 c6 5. Bc4 Nf6 6. Nf3 Bg4 7. 0-0 e6 8. h3 Bxf3 9. Qxf3 Bd6 10. Bf4 Qc7 11. Bxd6 Qxd6 12. Rad1 0-0 13. g4 Nbd7 14. h4 Nb6 15. Bb3 a5 16. a3 Nbd5 17. Ne2 b5 18. g5 Nd7 19. Ng3 N7b6 20. Rfe1 Qf4 21. Qxf4 Nxf4 22. Re4 Nfd5 23. f4 Nc8 24. f5 Nd6 25. Re5 Rae8 26. Rde1 exf5 27. Bxd5 cxd5 28. Rxe8 Rxe8 29. Rxe8+ Nxe8 30. Nxf5 Nc7 31. Ne7+ Kf8 32. Nc6 a4 33. Kf2 f6 34. gxf6 gxf6 35. Nb4 Kf7 36. Kg3 Kg6 37. b3 axb3 38. cxb3 Kf5 39. Kf3 Ne6 40. Nc6 h5 41. a4 Nc7 42. a5 Na6 43. Ne7+ Ke6 44. Ng6 Nc7 45. Nf4+ Kf5 46. Nxh5 Na6 47. Ng3+ Kg6 48. Kg4 Nb4 49. Nf5 1-0

[Event "GER-chT U16"]
[Site "Walldorf"]
[Date "2017.12.28"]
[Round "3.2"]
[White "Browning, Rebecca"]
[Black "Steffens, Oliver"]
[Result "1/2-1/2"]
[WhiteElo "1836"]
[BlackElo "1894"]
[PlyCount "123"]
[EventDate "2017.12.26"]
[EventType "team-swiss"]
[EventRounds "7"]
[EventCountry "GER"]
[SourceTitle "CBM 182 Extra"]
[Source "ChessBase"]
[SourceDate "2018.02.23"]
[SourceVersion "1"]
[SourceVersionDate "2018.02.23"]
[SourceQuality "1"]
[WhiteTeam "Halver Schalksmuehle"]
[BlackTeam "Delmenhorst"]
[WhiteTeamCountry "GER"]
[BlackTeamCountry "GER"]

1. e4 e5 2. Nf3 Nc6 3. d4 exd4 4. Nxd4 Nf6 5. Nc3 Bb4 6. Nxc6 bxc6 7. Bd3 d5 8. exd5 0-0 9. 0-0 cxd5 10. Bd2 Bg4 11. Qc1 Re8 12. a3 Bd6 13. Bf4 c5 14. Bxd6 Qxd6 15. Qd2 d4 16. Nb5 Qc6 17. Qf4 Be2 18. Qc7 Qd5 19. c4 Qh5 20. Bxe2 Rxe2 21. b4 d3 22. Rad1 Rae8 23. Nd6 R8e7 24. Qd8+ Ne8 25. Nxe8 Rxe8 26. Qxd3 h6 27. h3 cxb4 28. axb4 Rb2 29. Qd7 Ree2 30. Qd8+ Kh7 31. Qd3+ Kg8 32. Rb1 Rbd2 33. Qg3 Qf5 34. Rbe1 Qc2 35. Rxe2 Rxe2 36. Qf4 Re4 37. Qb8+ Kh7 38. c5 a5 39. bxa5 Qxc5 40. Qb1 f5 41. Qa2 Re7 42. a6 Ra7 43. Ra1 Qd4 44. Qa5 Qf6 45. Ra3 g6 46. Ra1 h5 47. Ra3 Qd6 48. Qa4 Re7 49. Ra1 Ra7 50. Qa3 Qf6 51. h4 Qc6 52. Rc1 Qb6 53. Re1 Qf6 54. Ra1 Qc6 55. Qa4 Qf6 56. Qa5 Qd6 57. Qb5 Qf6 58. Qa4 Qd6 59. Qa5 Qf6 60. Qa4 Qd6 61. Qa5 Qf6 62. Qa4 1/2-1/2

[Event "Oberliga Nord W 1718"]
[Site "Germany"]
[Date "2017.10.08"]
[Round "1.5"]
[White "Brinkmann, Fabian"]
[Black "Steffens, Oliver"]
[Result "0-1"]
[WhiteElo "2087"]
[BlackElo "2028"]
[PlyCount "66"]
[EventDate "2017.10.08"]
[EventType "team-tourn"]
[EventRounds "9"]
[EventCountry "GER"]
[SourceTitle "EXT 2019"]
[Source "ChessBase"]
[SourceDate "2018.10.10"]
[SourceVersion "1"]
[SourceVersionDate "2018.10.10"]
[SourceQuality "1"]
[WhiteTeam "Werder Bremen III"]
[BlackTeam "Delmenhorst"]
[WhiteTeamCountry "GER"]
[BlackTeamCountry "GER"]

1. e4 c5 2. Nf3 Nc6 3. d4 cxd4 4. Nxd4 Nf6 5. Nc3 e5 6. Ndb5 d6 7. Bg5 a6 8. Na3 b5 9. Nd5 Be7 10. Bxf6 Bxf6 11. c3 Bg5 12. Nc2 0-0 13. a4 bxa4 14. Rxa4 a5 15. Bc4 Be6 16. 0-0 Ne7 17. Nce3 Kh8 18. Qd3 Nxd5 19. Nxd5 f5 20. g3 fxe4 21. Qxe4 Bh3 22. Rd1 Bf5 23. Qe2 Rc8 24. b4 axb4 25. cxb4 Be6 26. Ra6 Qd7 27. Nb6 Bxc4 28. Qxc4 Qf5 29. Qf1 Rc2 30. Ra8 Bd8 31. Nd5 Rxf2 32. Ne3 Qf3 33. Ra3 Bb6 0-1

[Event "Pardubice Czech op-B 28th"]
[Site "Pardubice"]
[Date "2017.07.22"]
[Round "2"]
[White "Shevchenko, Danylo"]
[Black "Steffens, Oliver"]
[Result "1-0"]
[WhiteElo "2150"]
[BlackElo "1977"]
[PlyCount "53"]
[EventDate "2017.07.21"]
[EventType "swiss"]
[EventRounds "9"]
[EventCountry "CZE"]
[SourceTitle "CBM 179 Extra"]
[Source "ChessBase"]
[SourceDate "2017.08.23"]
[SourceVersion "1"]
[SourceVersionDate "2017.08.23"]
[SourceQuality "1"]

1. e4 c5 2. c3 Nf6 3. e5 Nd5 4. d4 cxd4 5. Nf3 Nc6 6. Bc4 Nb6 7. Bb3 d6 8. exd6 Qxd6 9. 0-0 Be6 10. Na3 a6 11. Bxe6 Qxe6 12. Nxd4 Nxd4 13. Qxd4 Rd8 14. Qh4 Nd5 15. Nc2 Qg6 16. Qa4+ b5 17. Qb3 Nb6 18. a4 bxa4 19. Rxa4 Nxa4 20. Qxa4+ Rd7 21. Rd1 Qf5 22. Nd4 Qd5 23. c4 Qd6 24. Bf4 Qxf4 25. Nf3 f6 26. Qxd7+ Kf7 27. c5 1-0

[Event "GER-ch U25-A"]
[Site "Willingen"]
[Date "2017.06.04"]
[Round "1"]
[White "Steffens, Oliver"]
[Black "Parvanyan, Ashot"]
[Result "1/2-1/2"]
[WhiteElo "1923"]
[BlackElo "2326"]
[PlyCount "45"]
[EventDate "2017.06.04"]
[EventType "swiss"]
[EventRounds "9"]
[EventCountry "GER"]
[SourceTitle "CBM 178 Extra"]
[Source "ChessBase"]
[SourceDate "2017.06.22"]
[SourceVersion "1"]
[SourceVersionDate "2017.06.22"]
[SourceQuality "1"]

1. e4 g6 2. d4 Bg7 3. Nf3 d6 4. Nc3 a6 5. Be3 b5 6. a3 Bb7 7. Qd2 Nd7 8. Be2 Rc8 9. 0-0 c5 10. Rfe1 cxd4 11. Bxd4 Ngf6 12. Rad1 0-0 13. e5 dxe5 14. Nxe5 Nb6 15. Qe3 Nbd5 16. Nxd5 Nxd5 17. Qb3 Qc7 18. Bf3 e6 19. Rd2 Rfd8 20. c3 Nf4 21. Qd1 Nd5 22. Ng4 h5 23. Bxg7 1/2-1/2

[Event "Oberliga Nord W 1617"]
[Site "Germany"]
[Date "2017.05.07"]
[Round "9.8"]
[White "Steffens, Oliver"]
[Black "Streich, Gerhard"]
[Result "1/2-1/2"]
[WhiteElo "1948"]
[BlackElo "2109"]
[PlyCount "41"]
[EventDate "2016.10.16"]
[EventType "team-tourn"]
[EventRounds "9"]
[EventCountry "GER"]
[SourceTitle "EXT 2018"]
[Source "ChessBase"]
[SourceDate "2017.10.13"]
[SourceVersion "1"]
[SourceVersionDate "2017.10.13"]
[SourceQuality "1"]
[WhiteTeam "Delmenhorst"]
[BlackTeam "Hannover SF"]
[WhiteTeamCountry "GER"]
[BlackTeamCountry "GER"]

1. e4 d6 2. d4 g6 3. Nc3 Bg7 4. Be3 c6 5. Nf3 Bg4 6. Bc4 e6 7. Be2 Nd7 8. Qd2 Qa5 9. 0-0 Qc7 10. Rfe1 Bxf3 11. Bxf3 Ne7 12. Rad1 0-0 13. d5 Ne5 14. dxe6 Nxf3+ 15. gxf3 Nc8 16. exf7+ Qxf7 17. f4 Qe6 18. f3 a5 19. a4 Qc4 20. Bd4 Bh6 21. Be3 1/2-1/2

[Event "GER-ch U25-A"]
[Site "Willingen"]
[Date "2016.05.18"]
[Round "6"]
[White "Steffens, Oliver"]
[Black "Reucker, Friedrich"]
[Result "1-0"]
[WhiteElo "1814"]
[BlackElo "1776"]
[PlyCount "77"]
[EventDate "2016.05.15"]
[EventType "swiss"]
[EventRounds "9"]
[EventCountry "GER"]
[SourceTitle "CBM 172 Extra"]
[Source "ChessBase"]
[SourceDate "2016.06.21"]
[SourceVersion "1"]
[SourceVersionDate "2016.06.21"]
[SourceQuality "1"]

1. e4 e6 2. d4 d5 3. Nd2 Nf6 4. e5 Nfd7 5. Bd3 c5 6. c3 Nc6 7. Ne2 cxd4 8. cxd4 f6 9. Nf4 Nxd4 10. Qh5+ Ke7 11. Ng6+ hxg6 12. exf6+ Nxf6 13. Qxh8 Kf7 14. 0-0 Bd7 15. Re1 Bd6 16. Qxd8 Rxd8 17. Nb3 Nc6 18. Be3 Rh8 19. h3 e5 20. Bc5 Bc7 21. Rac1 a6 22. Ba3 e4 23. Bf1 Bf4 24. Rc2 Bf5 25. g4 Ne5 26. Nd4 Bd7 27. Rd1 Nexg4 28. hxg4 Bxg4 29. Be2 Bh2+ 30. Kg2 Bf4 31. Bxg4 Rh2+ 32. Kf1 Nxg4 33. b3 e3 34. f3 e2+ 35. Rxe2 Rh1+ 36. Kg2 Rh2+ 37. Kg1 Rxe2 38. Nxe2 Be3+ 39. Kg2 1-0

[Event "GER-ch U25-A"]
[Site "Willingen"]
[Date "2016.05.17"]
[Round "4"]
[White "Steffens, Oliver"]
[Black "Udaykumar, Arunn Mark"]
[Result "0-1"]
[WhiteElo "1814"]
[BlackElo "1724"]
[PlyCount "90"]
[EventDate "2016.05.15"]
[EventType "swiss"]
[EventRounds "9"]
[EventCountry "GER"]
[SourceTitle "CBM 172 Extra"]
[Source "ChessBase"]
[SourceDate "2016.06.21"]
[SourceVersion "1"]
[SourceVersionDate "2016.06.21"]
[SourceQuality "1"]

1. e4 g6 2. d4 Bg7 3. Nc3 d6 4. Be3 Nf6 5. h3 Nbd7 6. Qd2 e5 7. dxe5 Nxe5 8. Bh6 Bxh6 9. Qxh6 Qe7 10. 0-0-0 Bd7 11. Qe3 a6 12. Nd5 Nxd5 13. exd5 0-0 14. Re1 Rfe8 15. Nf3 Qf6 16. Nxe5 Rxe5 17. Qd2 Rae8 18. Bc4 Rxe1+ 19. Rxe1 Rxe1+ 20. Qxe1 Qf4+ 21. Qe3 Qxc4 22. Qf3 Bf5 23. Qd1 Qxa2 24. Qd4 Qa5 25. b4 Qa2 26. Qc3 Qxd5 27. Qxc7 Qxg2 28. Qxd6 Qxf2 29. Qb8+ Kg7 30. Qe5+ Kh6 31. Qc5 Qxc5 32. bxc5 Bxh3 33. c6 bxc6 34. c4 Bf1 35. Kd2 Bxc4 36. Ke3 a5 37. Kf4 a4 38. Ke5 a3 39. Kf6 a2 40. Ke7 a1Q 41. Kf8 Qg7+ 42. Ke8 f5 43. Kd8 Be6 44. Ke8 Qd7+ 45. Kf8 Qf7# 0-1

[Event "GER-ch U25 op-A"]
[Site "Willingen"]
[Date "2015.05.30"]
[Round "9"]
[White "Steffens, Oliver"]
[Black "Ehmann, Johanna"]
[Result "1-0"]
[WhiteElo "1667"]
[BlackElo "1500"]
[PlyCount "97"]
[EventDate "2015.05.24"]
[EventType "swiss"]
[EventRounds "9"]
[EventCountry "GER"]
[SourceTitle "CBM 166 Extra"]
[Source "ChessBase"]
[SourceDate "2015.06.18"]
[SourceVersion "1"]
[SourceVersionDate "2015.06.18"]
[SourceQuality "1"]

1. e4 e5 2. Nf3 Nc6 3. Bb5 a6 4. Bxc6 dxc6 5. 0-0 f6 6. d4 exd4 7. Nxd4 c5 8. Nb3 Qxd1 9. Rxd1 Bg4 10. f3 Be6 11. Bf4 c6 12. Nc3 g5 13. Bg3 Be7 14. Na4 Bxb3 15. axb3 Nh6 16. Nb6 Rd8 17. Bc7 Rxd1+ 18. Rxd1 Nf7 19. Nc8 Bd8 20. Bxd8 Nxd8 21. Nd6+ Ke7 22. Nf5+ Ke8 23. Ng7+ Ke7 24. Nf5+ Ke8 25. Rd6 Rf8 26. Kf2 Kf7 27. Rd7+ Kg8 28. Nh6+ Kh8 29. Rxd8 Rxd8 30. Nf7+ Kg7 31. Nxd8 b5 32. Nxc6 Kf7 33. b4 cxb4 34. Nxb4 a5 35. Nc6 a4 36. Ke3 Ke6 37. Kd4 Kd6 38. Nb4 h5 39. g3 h4 40. gxh4 gxh4 41. f4 h3 42. f5 Kc7 43. e5 fxe5+ 44. Kxe5 Kd7 45. Kf6 Ke8 46. Kg7 Ke7 47. f6+ Ke6 48. f7 Kd7 49. f8Q 1-0

[Event "GER-ch U25 op-A"]
[Site "Willingen"]
[Date "2015.05.24"]
[Round "2"]
[White "Leimbach, Tim Vincent"]
[Black "Steffens, Oliver"]
[Result "0-1"]
[WhiteElo "1492"]
[BlackElo "1667"]
[PlyCount "70"]
[EventDate "2015.05.24"]
[EventType "swiss"]
[EventRounds "9"]
[EventCountry "GER"]
[SourceTitle "CBM 166 Extra"]
[Source "ChessBase"]
[SourceDate "2015.06.18"]
[SourceVersion "1"]
[SourceVersionDate "2015.06.18"]
[SourceQuality "1"]

1. Nc3 c5 2. e4 e6 3. f4 d5 4. exd5 exd5 5. Nf3 a6 6. a4 Nc6 7. d4 Nf6 8. Be2 Be7 9. 0-0 0-0 10. Be3 Ng4 11. Bc1 cxd4 12. Nxd4 Nf6 13. h3 Bc5 14. Be3 Re8 15. Bf2 Qb6 16. Nxc6 Bxf2+ 17. Rxf2 bxc6 18. b3 d4 19. Na2 Ne4 20. Bc4 Nxf2 21. Bxf7+ Kxf7 22. Qh5+ Kf8 23. a5 Nxh3+ 24. gxh3 Qb5 25. Qxh7 Qf5 26. Qh8+ Kf7 27. Qh4 Qxh3 28. Qf2 Re3 29. Qh2 Qxh2+ 30. Kxh2 Re2+ 31. Kg3 Rxc2 32. Nb4 Rc3+ 33. Kf2 Bb7 34. Rd1 c5 35. Na2 Rc2+ 0-1